Mosaïque du fle : aspects didactiques et interculturels /

Guardado en:
Autor Principal: Klett, Estela
Otros Autores: Dorronzoro, María Ignacia, Gaiotti, Claudia, Pasquele, Rosana, Vassallo, Alejandra
Formato: Libro
Publicado: Buenos Aires : Araucaria, 2004
Series:Ciencia y técnica : Lenguas
Materias:
Etiquetas: Agregar Etiqueta
Sin Etiquetas, Sea el primero en etiquetar este registro!
LEADER 00816nam a22002415a 4500
001 CEM.cems012193
005 20060815000000.0
008 130507s2004##################000#0#####d
003 CEMS
020 |a 9879443098 
082 0 4 |a 372.6 
100 1 |a Klett, Estela 
245 1 0 |a Mosaïque du fle :  |b aspects didactiques et interculturels /  |c Estela Klett ; maría Ignacia Dorronzoro ; claudia Gaiotti ; rosana Pasquele ; alejandra Vassallo 
260 |a Buenos Aires :  |b  Araucaria,  |c 2004 
300 |a 112 p. 
490 0 |a Ciencia y técnica : Lenguas 
653 |a Didáctica-lenguas extranjeras 
653 |a Francés 
700 1 |a Dorronzoro, María Ignacia 
700 1 |a Gaiotti, Claudia 
700 1 |a Pasquele, Rosana 
700 1 |a Vassallo, Alejandra 
859 |a CEMS  |b BIB. CEMS - 11 de abril  |h 372.6  |i K679  |p 23385.06  |t Ej.1